Pharmacology / (Record no. 11505)

MARC details
000 -LEADER
fixed length control field 00716cam a22002412 4500
001 - CONTROL NUMBER
control field 0000023926
005 - DATE AND TIME OF LATEST TRANSACTION
control field 20151217154507.0
008 - FIXED-LENGTH DATA ELEMENTS--GENERAL INFORMATION
fixed length control field 130419s xx 000 0 eng d
020 ## - INTERNATIONAL STANDARD BOOK NUMBER
International Standard Book Number 0443059748 :
040 ## - CATALOGING SOURCE
Original cataloging agency KABU
Transcribing agency KABU
100 1# - MAIN ENTRY--PERSONAL NAME
Personal name Rang, Humphrey P.
-- 0000178271
245 10 - TITLE STATEMENT
Title Pharmacology /
Statement of responsibility, etc. H. P. Rang, M. M. Dale, J. M. Ritter.
250 ## - EDITION STATEMENT
Edition statement 4th ed.
260 ## - PUBLICATION, DISTRIBUTION, ETC. (IMPRINT)
Place of publication, distribution, etc. London :
Name of publisher, distributor, etc. Churchill Livingstone,
Date of publication, distribution, etc. 1999.
300 ## - PHYSICAL DESCRIPTION
Extent x, 830 p.
650 #0 - SUBJECT ADDED ENTRY--TOPICAL TERM
Topical term or geographic name as entry element Pharmacology.
-- 0000155850
650 #0 - SUBJECT ADDED ENTRY--TOPICAL TERM
Topical term or geographic name as entry element Drug therapy.
-- 0000178270
700 1# - ADDED ENTRY--PERSONAL NAME
Personal name Dale, M. M.
-- 0000183723
700 1# - ADDED ENTRY--PERSONAL NAME
Personal name Ritter, J. M.
-- 0000183724
852 1# - LOCATION
-- p500 KES
908 ## - PUT COMMAND PARAMETER (RLIN)
Put command parameter 130419
950 ## - LOCAL HOLDINGS (RLIN)
-- 1
Holdings
Withdrawn status Lost status Source of classification or shelving scheme Not for loan Home library Current library Date acquired Total Checkouts Total Renewals Full call number Barcode Date last seen Date last checked out Price effective from Koha item type
    Library of Congress Classification   Kabarak, Main Campus Kabarak, Main Campus 17/12/2015 22 2 RM300 .R36 199 c. 1 015047 10/12/2021 04/12/2021 17/12/2015 General Collection
Designed with assistance from East African Informatics Ltd